|
|
|
|
| LEADER |
02756nam a2200769 i 4500 |
| 001 |
nkc20183060864 |
| 003 |
CZ PrNK |
| 005 |
20210916133013.0 |
| 007 |
ta |
| 008 |
190314s2019 xr c e 000 0dcze |
| 015 |
|
|
|a cnb003060864
|
| 020 |
|
|
|a 978-80-270-5208-0
|q (brožováno)
|
| 035 |
|
|
|a (OCoLC)1100765869
|
| 040 |
|
|
|a ABA001
|b cze
|e rda
|
| 041 |
1 |
|
|a cze
|h rus
|
| 043 |
|
|
|a e-fr---
|
| 045 |
|
|
|a v-v-
|
| 072 |
|
7 |
|a 133
|x Ezoterismus. Okultismus
|2 Konspekt
|9 17
|
| 080 |
|
|
|a [130.12+2-188]:118
|2 MRF
|
| 080 |
|
|
|a 118:130.33
|2 MRF
|
| 080 |
|
|
|a 133
|2 MRF
|
| 080 |
|
|
|a 299.94
|2 MRF
|
| 080 |
|
|
|a 2-664.3
|2 MRF
|
| 080 |
|
|
|a 159.96
|2 MRF
|
| 080 |
|
|
|a 133-051
|2 MRF
|
| 080 |
|
|
|a (44)
|2 MRF
|
| 080 |
|
|
|a (049)
|2 MRF
|
| 100 |
1 |
|
|a Mikušina, Tat‘jana Nikolajevna,
|d 1958-
|7 xx0232720
|4 aut
|
| 240 |
1 |
0 |
|a Sen-Žermen.
|l Česky
|
| 245 |
1 |
0 |
|a Saint-Germain :
|b poselství předaná prostřednictvím Posla Taťány Nikolajevny Mikušiny : (2005-2013) /
|c z ruského originálu Sen-Žermen ... přeložila Eva Kúchová
|
| 250 |
|
|
|a 1. vydání
|
| 264 |
|
1 |
|a [Jevany]:
|b [Natália Limonová],
|c 2019
|
| 264 |
|
3 |
|b Powerprint, s.r.o.
|
| 300 |
|
|
|a 87 stran :
|b portréty ;
|c 17 cm
|
| 336 |
|
|
|a text
|b txt
|2 rdacontent
|
| 337 |
|
|
|a bez média
|b n
|2 rdamedia
|
| 338 |
|
|
|a svazek
|b nc
|2 rdacarrier
|
| 490 |
1 |
|
|a Mistři moudrosti
|
| 600 |
1 |
7 |
|a Saint-Germain,
|c comte de,
|d 1707-1778
|7 jn20010525188
|2 czenas
|
| 648 |
|
7 |
|a 18. století
|7 ch460556
|2 czenas
|
| 650 |
0 |
7 |
|a duchovní energie
|7 ph660928
|2 czenas
|
| 650 |
0 |
7 |
|a kosmická energie
|7 ph182936
|2 czenas
|
| 650 |
0 |
7 |
|a esoterismus
|7 ph114484
|2 czenas
|
| 650 |
0 |
7 |
|a New Age
|7 ph117919
|2 czenas
|
| 650 |
0 |
7 |
|a synkretismus (náboženství)
|7 ph138309
|2 czenas
|
| 650 |
0 |
7 |
|a okultismus
|7 ph115583
|2 czenas
|
| 650 |
0 |
7 |
|a channeling
|7 ph119124
|2 czenas
|
| 650 |
0 |
7 |
|a okultisté
|7 ph123721
|z Francie
|y 18. století
|2 czenas
|
| 650 |
0 |
9 |
|a spiritual energy
|2 eczenas
|
| 650 |
0 |
9 |
|a cosmic energy
|2 eczenas
|
| 650 |
0 |
9 |
|a esoterism
|2 eczenas
|
| 650 |
0 |
9 |
|a New Age
|2 eczenas
|
| 650 |
0 |
9 |
|a syncretism (religion)
|2 eczenas
|
| 650 |
0 |
9 |
|a occultism
|2 eczenas
|
| 650 |
0 |
9 |
|a channeling
|2 eczenas
|
| 650 |
0 |
9 |
|a occultists
|z France
|y 18th century
|2 eczenas
|
| 655 |
|
7 |
|a pojednání
|7 fd133056
|2 czenas
|
| 655 |
|
9 |
|a essays
|2 eczenas
|
| 700 |
1 |
|
|a Saint-Germain,
|c comte de,
|d 1707-1778
|7 jn20010525188
|4 dub
|
| 700 |
1 |
|
|a Kúchová, Eva
|4 trl
|
| 830 |
|
0 |
|a Mistři moudrosti
|0 s
|
| 856 |
4 |
1 |
|u http://www.digitalniknihovna.cz/mzk/uuid/uuid:4f8a0680-3128-11ea-b0e3-005056827e52
|y Digitalizovaný dokument
|x NDK
|
| 910 |
2 |
|
|a BOA001
|b 1-1422.752
|
| 990 |
|
|
|a BK
|
| 995 |
|
|
|a 01
|
| 991 |
|
|
|b 201903
|c NOV
|
| 996 |
6 |
|
|b 2610774343
|c 1-1422.752
|l MZK
|r Sklad / do 1 hodiny
|n 0
|p p.v.
|w 001713322
|u 000010
|a 1
|e BOA001
|j MZK50
|s P
|